000 00522nam a2200145Ia 4500
008 090711s9999 xx 000 0 und d
082 _b30622
245 _aध्येयवादी विSाारसरणींSो युग
260 _c1968
300 _a136
630 _aध्येयवादी विSाारसरणींSो युग
700 _aवळसंगकर उाgऎ. ना.
730 _aध्येयवादी विSाारसरणींSो युग
942 _cBOOK
999 _c293273
_d293273